01785cam a22003615a 4500999001700000001001000017003000300027005001700030008004100047015001900088016001800107020002500125040004000150082001700190100002100207245007400228250001200302260004100314300002400355504004100379520027700420650003400697651001000731653003300741655001400774700002800788942000800816952012300824952011500947952012301062952011501185952012301300 c26941d26913017728064Uk20181103151858.0160126t2017 mau frb 000 0 eng d aGBB6184012bnb7 a0177280642Uk a9781305639034 (pbk.) aStDuBDSbengcStDuBDSdUkdEG-ScBUE04a350bSHA2221 aShafritz, Jay M.00aClassics of public administration /cJay M. Shafritz, Albert C. Hyde. a8th ed. aBoston :bCengage Learning,cc.2017. ax, 627 p. ;c24 cm. aIncludes bibliographical references. aIntroduces the principles of public administration with 59 writings in the field. New to this edition is a new section dedicated to 21st century thinking -- addressing bureaucracy, organization theory, human resources management, the budgetary process, and public policy.  7aPublic administration.2BUEsh 2BUEsh bBUSBOLbBUSADMcNovember2018 vText book10aHyde, Albert C.,d1946- 2ddc 00102ddc40708BaccahaMAINbMAINc1STd2018-11-03ePurchaseg550.00l0o350 SHAp000043773r2025-07-15 00:00:00yNB 00102ddc40708BaccahaMAINbMAINc1STd2018-11-03ePurchasel0o350 SHAp000043774r2025-07-15 00:00:00yNB 00102ddc40708BaccahaMAINbMAINc1STd2018-11-03ePurchaseg550.00l0o350 SHAp000043775r2025-07-15 00:00:00yBB 00102ddc40708BaccahaMAINbMAINc1STd2018-11-03ePurchasel0o350 SHAp000043776r2025-07-15 00:00:00yBB 00102ddc40708BaccahaMAINbMAINc1STd2018-11-03ePurchaseg550.00l0o350 SHAp000043777r2025-07-15 00:00:00yBB